Comuni della Provincia di Cremona (con mappa) - Statistics

Statistiche generali
  • Questo quiz è stato fatto 64 volte
  • Il punteggio medio è 40 su 113
Risposte nella Mappa
Le risposte nella mappa del quiz sottostante sono codificate secondo una scala di colori dal rosso al verde in base alla % di persone che hanno risposto correttamente.
 
Statistiche sulle risposte
Risposta % Corretto
Cremona
97%
Crema
94%
Soresina
75%
Pandino
69%
Pizzighettone
67%
Casalmaggiore
64%
Castelverde
61%
Castelleone
58%
Rivolta d'Adda
58%
Soncino
58%
Robecco d'Oglio
56%
Torre de' Picenardi
53%
Sospiro
50%
Gadesco-Pieve Delmona
47%
Ostiano
47%
Ripalta Cremasca
47%
Acquanegra Cremonese
44%
Bonemerse
44%
Casalbuttano ed Uniti
44%
Piadena Drizzona
44%
Pozzaglio ed Uniti
44%
San Daniele Po
44%
San Giovanni in Croce
44%
Scandolara Ravara
44%
Sesto ed Uniti
44%
Vescovato
44%
Annicco
42%
Calvatone
42%
Cicognolo
42%
Isola Dovarese
42%
Offanengo
42%
Olmeneta
42%
Persico Dosimo
42%
Pescarolo ed Uniti
42%
Pieve d'Olmi
42%
Pieve San Giacomo
42%
Scandolara Ripa d'Oglio
42%
Spinadesco
42%
Volongo
42%
Voltido
42%
Cappella Cantone
39%
Corte de' Frati
39%
Gerre de' Caprioli
39%
Gussola
39%
Motta Baluffi
39%
Pessina Cremonese
39%
Spino d'Adda
39%
Stagno Lombardo
39%
Crotta d'Adda
36%
Grontardo
36%
Madignano
36%
Malagnino
36%
Bagnolo Cremasco
33%
Cappella de' Picenardi
33%
Corte de' Cortesi con Cignone
33%
Montodine
33%
Paderno Ponchielli
33%
Ripalta Guerina
33%
Rivarolo del Re ed Uniti
33%
Romanengo
33%
Azzanello
31%
Credera Rubbiano
31%
Gabbioneta-Binanuova
31%
Izano
31%
Ripalta Arpina
31%
Trigolo
31%
Bordolano
28%
Capergnanica
28%
Casalmorano
28%
Dovera
28%
Formigara
28%
San Bassano
28%
Torricella del Pizzo
28%
Trescore Cremasco
28%
Vaiano Cremasco
28%
Agnadello
25%
Casaletto Vaprio
25%
Castelvisconti
25%
Derovere
25%
Fiesco
25%
Genivolta
25%
Gombito
25%
Grumello Cremonese ed Uniti
25%
Moscazzano
25%
Ricengo
25%
Salvirola
25%
San Martino del Lago
25%
Solarolo Rainerio
25%
Spineda
25%
Ticengo
25%
Tornata
25%
Capralba
22%
Casaletto di Sopra
22%
Casteldidone
22%
Castel Gabbiano
22%
Cella Dati
22%
Cingia de' Botti
22%
Cremosano
22%
Cumignano sul Naviglio
22%
Martignana di Po
22%
Sergnano
22%
Vailate
22%
Casale Cremasco-Vidolasco
19%
Casaletto Ceredano
19%
Chieve
19%
Monte Cremasco
19%
Pianengo
19%
Quintano
19%
Torlino Vimercati
19%
Campagnola Cremasca
17%
Palazzo Pignano
17%
Camisano
14%
Pieranica
14%
Nessun quiz corrispondente trovato
Distribuzione punteggi
Percentuale di utenti per punteggio
Percentile per numero di risposta
I tuoi punteggi nel tempo
Non hai fatto questo quiz